00675nam a2200181 i 4500001000700000003000900007005001700016007000300033008004100036100003000077245016400107260004200271300002700313490005600340700002000396830005600416852002100472123328ES-MaACL20251015063126.0t|070214s1933 fr r ||||1| fre d1 aRacine, Jean, d1639-169910aPort-Royal b: lettres á l'auteur des imaginaires : abrégé de l'Histoire de Port-Royal / cJean Racine; texte établi et présenté par Gonzague Truc. aParis : bLes Belles Lettres, c1933. aXIX, 222 p. ; c20 cm.1 aOeuvres complètes de Racine Les textes français1 aTruc, Gonzague.0 aOeuvres complètes de Racine Les textes français aES-MaACLjA-2009